Score 0/15 Timer 02:00
2 Plays Today
Clue 4-Letter Word % Correct
Leader of the VaticanPOPE
96.2%
Skin openingPORE
88.5%
An ingredient for making beerHOPS
87.7%
Slang for an old manPOPS
87.5%
A combustible heap for a funeral ritePYRE
75%
'Gomer ___, U.S.M.C.'PYLE
73.1%
Richard Mulligan series 'Empty ___'NEST
72.6%
'The Untouchables' role EliotNESS
69%
Clue 4-Letter Word % Correct
Adam and Little Joe's 'Bonanza' brotherHOSS
64.4%
Don Johnson vehicle: '___ Bridges'NASH
63.7%
An oil company with a green logoHESS
61.7%
Uncle Sam designer ThomasNAST
55.4%
A quick snackNOSH
53.3%
Star of 'Falling Skies' and 'ER' with [Last Rung]NOAH
43.2%
Star of 'Falling Skies' and 'ER' with [First Rung]WYLE
40.1%

Today's Daily Dose

Remove Ads.
Support Sporcle.
Get the best of Sporcle when you Go Orange. This ad-free experience offers more features, more stats, and more fun while also helping to support Sporcle. Thank you for becoming a member.

You're not logged in!

Compare scores with friends on all Sporcle quizzes.
OR
Log In

Show Comments

Extras

Top Quizzes Today


Score Distribution

Your Account Isn't Verified!

In order to create a playlist on Sporcle, you need to verify the email address you used during registration. Go to your Sporcle Settings to finish the process.

Report this User

Report this user for behavior that violates our Community Guidelines.

Details: